| 000 | 00614nam a2200205 u 4500 | ||
|---|---|---|---|
| 005 | 20240815063642.0 | ||
| 008 | 100909s2006 ag r 000 0 spa d | ||
| 020 | _a9502314506 | ||
| 035 | _aUPN01000177767 | ||
| 049 | _aCG | ||
| 050 | 4 |
_aQE28 _bI5.7 |
|
| 245 | 0 | 0 |
_aIntroducción a la geología : _bel planeta de los dragones de piedra / _ccoord. Andrés Folguera. |
| 260 |
_aBuenos Aires : _bEudeba, _c2006. |
||
| 300 |
_a141 p. : _bil. |
||
| 440 | 0 |
_aCiencia joven ; _v4 |
|
| 650 | 4 |
_aGeología _xEstudio y enseñanza _917852 |
|
| 700 | 1 |
_aFolguera, Andrés, _ecoord. |
|
| 905 | _aLibro | ||
| 999 |
_c149870 _d149870 |
||